000 00628nam a2200193Ia 4500
008 151121s9999||||xx |||||||||||||| ||und||
082 _a833-/सुशील
082 _bHNW-8038
100 _aसुशील क जमार
245 _aजातस - कथा
260 _b"सस्ता साहित्य मण्डल प्रकाशन, न। दिल्ली"
260 _c--
300 _a203
600 _aसुशील क जमार
630 _aजातस - कथा
700 _aसुशील क जमार
730 _aजातस - कथा
942 _cBOOK
999 _c1214607
_d1214604